Intrusion alert: (Record no. 10462)

MARC details
000 -LEADER
fixed length control field 00774 a2200205 4500
010 ## - LIBRARY OF CONGRESS CONTROL NUMBER
LC control number ENG-89330
020 ## - INTERNATIONAL STANDARD BOOK NUMBER
International Standard Book Number 8125922520
Terms of availability 245.00
035 ## - SYSTEM CONTROL NUMBER
System control number EN-72863
037 ## - SOURCE OF ACQUISITION
Source of stock number/acquisition DBAD / PUB
082 14 - DEWEY DECIMAL CLASSIFICATION NUMBER
Classification number 005.8
090 ## - LOCALLY ASSIGNED LC-TYPE CALL NUMBER (OCLC); LOCAL CALL NUMBER (OCLC)
-- 10758
-- 10758
100 1# - MAIN ENTRY--PERSONAL NAME
Personal name Fadia, Ankit
245 1# - TITLE STATEMENT
Title Intrusion alert:
Remainder of title an ethical hacking guide to intrusion detection/
Statement of responsibility, etc by Ankit Fadia and Manu Zacharia
260 ## - PUBLICATION, DISTRIBUTION, ETC. (IMPRINT)
Place of publication, distribution, etc New Delhi
Name of publisher, distributor, etc Vikas Publishing House
Date of publication, distribution, etc 2007
270 ## - ADDRESS
Address 576, Masjid Road, Jangpura
City New Delhi
State or province Delhi
Postal code 110014
Telephone number 0120-4078900
Fax number 0120-4078900
Electronic mail address www.vikaspublishing.com
300 ## - PHYSICAL DESCRIPTION
Extent xiii, 262 p.:
Other physical details ill.
Dimensions 22 cm ( pbk.)
700 1# - ADDED ENTRY--PERSONAL NAME
Personal name Manu Zacharia
942 ## - ADDED ENTRY ELEMENTS (KOHA)
Institution code [OBSOLETE] dpl
Koha item type English Books
Call number prefix 005.8/ FAD
Holdings
Withdrawn status Lost status Source of classification or shelving scheme Damaged status Not for loan Collection code Home library Current library Source of acquisition Cost, normal purchase price Total Checkouts Full call number Barcode Date last seen Copy number Uniform Resource Identifier Cost, replacement price Price effective from Koha item type
    Dewey Decimal Classification   Not For Loan Non-fiction D.B.Act.Division D.B.Act.Division DBAD/PUB 245.00   005.8 FAD EN-72863 15/09/2008 1 11520 245.00 15/09/2008 English Books

© Delhi Public Library
Hit Counter
free hit counter